ESSENTIALS PATHOLOGY FOR DENTAL STUDENTS (Record no. 4743)

MARC details
000 -LEADER
fixed length control field 00374nam a2200145Ia 4500
008 - FIXED-LENGTH DATA ELEMENTS--GENERAL INFORMATION
fixed length control field 150201s2012 xx 000 0 und d
082 ## - DEWEY DECIMAL CLASSIFICATION NUMBER
Classification number 616.0707
Item number P2012H
100 ## - MAIN ENTRY--PERSONAL NAME
Personal name HARSH MOHAN
245 ## - TITLE STATEMENT
Title ESSENTIALS PATHOLOGY FOR DENTAL STUDENTS
250 ## - EDITION STATEMENT
Edition statement 1ST
260 ## - PUBLICATION, DISTRIBUTION, ETC. (IMPRINT)
Name of publisher, distributor, etc. JAYPEE MEDICAL PUBLISHER
Place of publication, distribution, etc. DELHI
Date of publication, distribution, etc. 2012
300 ## - PHYSICAL DESCRIPTION
Extent 1-542
650 ## - SUBJECT ADDED ENTRY--TOPICAL TERM
Topical term or geographic name as entry element PATHOLOGY
942 ## - ADDED ENTRY ELEMENTS (KOHA)
Source of classification or shelving scheme Dewey Decimal Classification
Koha item type Books
Koha issues (borrowed), all copies 15
Holdings
Withdrawn status Lost status Source of classification or shelving scheme Damaged status Not for loan Home library Current library Date acquired Source of acquisition Cost, normal purchase price Serial Enumeration / chronology SGTU Bill Number Total Checkouts Total Renewals Full call number Barcode Date last seen Date last checked out Bill Date Koha item type
    Dewey Decimal Classification     SGT Dental Library SGT Dental Library 19/04/2012 U.B.S.DELHI 795.00 1 SGTU 44 10 1 616.0707 P2012H FD6715 15/04/2025 15/04/2025 06/07/2013 Books
    Dewey Decimal Classification     SGT Dental Library SGT Dental Library 19/04/2012 U.B.S.DELHI 795.00 1 SGTU 44 6   616.0707 P2012H FD6716 05/12/2024 14/11/2024 06/07/2013 Books
    Dewey Decimal Classification     SGT Dental Library SGT Dental Library 24/01/2013 AHUJA BOOK COMPANY-NEW DELHI   1 SGTU 3108 1   616.07 E2012M FD6771 06/09/2018 03/09/2018 09/08/2013 Books
    Dewey Decimal Classification     SGT Dental Library SGT Dental Library 24/01/2013 AHUJA BOOK COMPANY-NEW DELHI   1 SGTU 3108     616.07 E2012M FD6772 09/02/2015   09/08/2013 Books
    Dewey Decimal Classification     SGT Dental Library SGT Dental Library 24/01/2013 AHUJA BOOK COMPANY-NEW DELHI   1 SGTU 3108     616.07 E2012M FD6773 09/02/2015   09/08/2013 Books
    Dewey Decimal Classification     SGT Dental Library SGT Dental Library 24/01/2013 AHUJA BOOK COMPANY-NEW DELHI   1 SGTU 3108     616.07 E2012M FD6774 09/02/2015   09/08/2013 Books
    Dewey Decimal Classification     SGT Dental Library SGT Dental Library 24/01/2013 AHUJA BOOK COMPANY-NEW DELHI   1 SGTU 3108     616.07 E2012M FD6775 09/02/2015   09/08/2013 Books